The Marketing Gita: Ancient wisdom for modern business success (Record no. 12793)

MARC details
000 -LEADER
fixed length control field 00465nam a2200169 4500
003 - CONTROL NUMBER IDENTIFIER
control field OSt
008 - FIXED-LENGTH DATA ELEMENTS--GENERAL INFORMATION
fixed length control field 240703b |||||||| |||| 00| 0 eng d
020 ## - INTERNATIONAL STANDARD BOOK NUMBER
International Standard Book Number 9789395192231
082 ## - DEWEY DECIMAL CLASSIFICATION NUMBER
Classification number 658.8
Item number MAM
100 ## - MAIN ENTRY--PERSONAL NAME
Personal name MAHESHWARI, Prateek
245 ## - TITLE STATEMENT
Title The Marketing Gita: Ancient wisdom for modern business success
250 ## - EDITION STATEMENT
Edition statement 1st Ed.
260 ## - PUBLICATION, DISTRIBUTION, ETC. (IMPRINT)
Place of publication, distribution, etc New Delhi
Name of publisher, distributor, etc Srishti Publishers & Distributors
Date of publication, distribution, etc 2023
300 ## - PHYSICAL DESCRIPTION
Extent xxii, 280p.
650 ## - SUBJECT ADDED ENTRY--TOPICAL TERM
Topical term or geographic name as entry element General
942 ## - ADDED ENTRY ELEMENTS (KOHA)
Source of classification or shelving scheme Dewey Decimal Classification
Koha item type Text Books
Holdings
Withdrawn status Lost status Source of classification or shelving scheme Damaged status Not for loan Collection code Home library Current library Date acquired Source of acquisition Currency Cost, normal purchase price Bill Number Total Checkouts Full call number Acc. no. / Barcode Checked out Date last seen Date last borrowed Actual Cost, discounted price Bill Date Koha item type
    Dewey Decimal Classification     GENERAL PIET C-LIBRARY PIET C-LIBRARY 18/06/2024 Zafaa Books & Distributors In Rupees 449.00 ZBD0077 1 658.8 MAM 37708 28/01/2025 12/07/2024 12/07/2024 336.75 18/06/2024 Text Books

Design & Developed by: PIET Central Library
R70 Miles Stone Pattikalyana Samalkha Panipat 132102
mail ID :- [email protected], Phone No:- 0180-2569700 Ex.216